00736nam a2200193 i 450000100060000000300090000600500170001500700030003200800410003510000340007624501240011026000670023430000220030170000350032370000250035885200220038399900170040595201200042251406ES-MaACL20230906162345.0t|030812s1918 fr ||||1| fre d1 aDakin, Henry Drysdale.94246510aManuel des antiseptiques / cpar Henry Drysdale Dakin et Edward Kellogg Dunham ; traduit de l'anglais par M. Daufresne. a[S.l. : bVigot Frères, c1918] (eCoulommiers : fDessaint) a148 p. ; c20 cm.1 aDunham, Edward Kellogg.9460401 aDaufresne, M.942814 aES-MaACLjB-11782 c51406d51406 00104070aATENEOMbATENEOMcSPBd2008-01-17eSCl0oB-11782p1054064r2023-02-23 00:00:00w2023-02-23yMONOGRAFIA